| 000 -LEADER |
| fixed length control field |
00312cam a22000977a 4500 |
| 008 - FIXED-LENGTH DATA ELEMENTS--GENERAL INFORMATION |
| fixed length control field |
180718b2002 xxu||||| |||| 00| 0 eng d |
| 020 ## - INTERNATIONAL STANDARD BOOK NUMBER |
| International Standard Book Number |
81 7391 458 3 |
| 100 ## - MAIN ENTRY--PERSONAL NAME |
| Personal name |
Sharma, Yogender Kumar |
| 245 ## - TITLE STATEMENT |
| Title |
Krantikari rajnitik vicharak |
| Statement of responsibility, etc. |
Yogender Kumar Sharma |
| 260 ## - PUBLICATION, DISTRIBUTION, ETC. |
| Place of publication, distribution, etc. |
New Delhi |
| Name of publisher, distributor, etc. |
Kanishka Publsher , DIstributers |
| Date of publication, distribution, etc. |
2002 |